000 00550nam a2200169Ia 4500
008 140626s9999 xx 000 0 und d
100 _aBrowder, Diane.
245 _aTeaching mathematics and science standards to students with moderate and severe development disabilities /
_cDiane Browder... [et al.].
260 _cc2012.
300 _a46 : 1, page 26
440 _aThe Journal of Special Education
521 _aSPED
650 _aLow-incidence disability.
650 _aMath instruction.
650 _aScience-instruction.
942 _cSE
999 _c120980
_d120980